Statistics for Countries Invaded by the United Kingdom

Click here to take the quiz!

General Stats

  • This quiz has been taken 108 times
  • The average score is 13 of 17

Answer Stats

YearHintCountry% Correct
1914Hardest competitor in EuropeGermany
94%
1813Not that far awayFrance
91%
1812Relative of the BritsUnited States
89%
1806The other wide-ranged empire at that timeSpain
88%
1839Far EastChina
86%
1943MediterraneanItaly
86%
1940Nordic CountryDenmark
85%
1940Also Nordic CountryIceland
85%
1945Far EastJapan
83%
1854Slavic EmpireRussia
81%
1917Habsburg dynastyAustria-Hungary
75%
1915Gone islamic empireOttoman Empire
74%
1904Homeland of the Dalai LamaTibet
72%
1868One of the never colonized African nationsAbyssinia
67%
1991Joined their relatives from the other side of the oceanIraq
67%
1810Island nation in AfricaMauritius
64%
1956Near EastEgypt
58%

Score Distribution

Percentile by Number Answered

Percent of People with Each Score

Your Score History

You have not taken this quiz